Advent of Christian Mission and Its Impact on the hill-Tribes in Manipur / (Record no. 5404)

MARC details
000 -LEADER
fixed length control field 00544nam a22001817a 4500
003 - CONTROL NUMBER IDENTIFIER
control field GBCCL
005 - DATE AND TIME OF LATEST TRANSACTION
control field 20241126110541.0
008 - FIXED-LENGTH DATA ELEMENTS--GENERAL INFORMATION
fixed length control field 180316b ||||| |||| 00| 0 eng d
040 ## - CATALOGING SOURCE
Transcribing agency gbc
082 ## - DEWEY DECIMAL CLASSIFICATION NUMBER
Classification number 266.0095417
Item number VAI
100 ## - MAIN ENTRY--PERSONAL NAME
Personal name Vaiphei, Th. Lamboi
9 (RLIN) 9708
245 ## - TITLE STATEMENT
Title Advent of Christian Mission and Its Impact on the hill-Tribes in Manipur /
Statement of responsibility, etc. Th. Lamboi Vaiphei
260 ## - PUBLICATION, DISTRIBUTION, ETC.
Name of publisher, distributor, etc. Author,
Place of publication, distribution, etc. Imphal:
Date of publication, distribution, etc. 1997
300 ## - PHYSICAL DESCRIPTION
Extent 201 p.;
Dimensions 21 cm.
650 ## - SUBJECT ADDED ENTRY--TOPICAL TERM
Topical term or geographic name entry element Missions
Geographic subdivision Manipur
-- India
9 (RLIN) 5090
650 ## - SUBJECT ADDED ENTRY--TOPICAL TERM
Topical term or geographic name entry element Tribals
Geographic subdivision Manipur
9 (RLIN) 9709
942 ## - ADDED ENTRY ELEMENTS (KOHA)
Source of classification or shelving scheme Dewey Decimal Classification
Koha item type Books
Koha issues (borrowed), all copies 42
Holdings
Withdrawn status Lost status Source of classification or shelving scheme Damaged status Not for loan Home library Current Library Shelving location Date acquired Total checkouts Full call number Barcode Date last seen Date last checked out Copy number Price effective from Koha item type Total renewals
    Dewey Decimal Classification     GRACE BIBLE COLLEGE GRACE BIBLE COLLEGE Archives 2018-03-16 4 266.0095417 VAI 010873 2025-05-01 2019-03-14 c.2 2018-03-16 Archives  
    Dewey Decimal Classification     GRACE BIBLE COLLEGE GRACE BIBLE COLLEGE North East Collection 2018-03-16 18 266.0095417 VAI 010874 2026-02-18 2026-02-16 c.3 2018-03-16 Books 1
    Dewey Decimal Classification     GRACE BIBLE COLLEGE GRACE BIBLE COLLEGE North East Collection 2018-03-16 14 266.0095417 VAI 006388 2025-05-01 2025-01-14 c.1 2018-03-16 Books 2
    Dewey Decimal Classification     GRACE BIBLE COLLEGE GRACE BIBLE COLLEGE North East Collection 2018-03-16 13 266.0095417 VAI 010875 2025-05-01 2025-02-19 c.4 2018-03-16 Books 2
© Grace Bible College Library 2025